000 00615nam a2200217 a 4500
001 56680
003 BD-RjUL
005 20211209080425.0
008 161203s2001 ii ||||| |||| 00| 0 eng d
035 _a(BD-RjUL)56804
040 _aBD-RjUL
_beng
_cBD-RjUL
041 _aeng
082 _223
_a621
_bSAL 2001
100 _aSathyaseelan, hannah
_9168568
245 _aLaboratory manuals in experiments in applied physics /
_c hanna Sathyaseelan,
250 _a2nd ed.
260 _aNew Delhi :
_bNew Age pub,
_c2001
300 _axx 70 p. :
_bill. ;
_c22 cm.
650 _aApplied Physics
_9168569
942 _2ddc
_cBK
999 _c56680
_d56680